000 00433cam a2200169ua 4500
003 OSt
005 20260221112004.0
008 260221b |||||||| |||| 00| 0 eng d
041 _aeng
082 _a630.33
_bSRI/AG
100 _aSrivastava, R S .
_97876
245 _aAgricultural marketing in India abroad /
250 _a1 /
260 _aBombay :
_bVora and co.publishers pvt ltd ,
_c1960.
300 _a243 ; .
942 _cBK
999 _c9411
_d9411